| 000 | 00711nam a22002537a 4500 | ||
|---|---|---|---|
| 003 | 0 | ||
| 005 | 20180803123952.0 | ||
| 008 | 0 | ||
| 010 | _aB-019722 | ||
| 020 |
_c00.00 _a8187317353 |
||
| 035 | _aB-019722, B-019724 | ||
| 037 | _bCen Lib/Ret | ||
| 040 |
_aDPL _bEN _c0 |
||
| 082 |
_a021.65 _bIYE |
||
| 100 |
_aIyer, V.K. _937231 |
||
| 245 |
_aNetworking and the future of libraries / _cby V.K.Iyer |
||
| 260 |
_aDelhi _bRajat Publications _c1999 |
||
| 270 |
_a4/32, Geeta Colony _bDelhi _e110032 |
||
| 300 |
_avi,288p. _c22cm(Hb) |
||
| 500 | _aIncludes index | ||
| 650 |
_aLibrary Science _937232 |
||
| 650 |
_aLibrary information networks _937233 |
||
| 942 |
_2ddc _cEN _h021.65 _mIYE |
||
| 999 |
_c133220 _d133220 |
||